000 00309nam a22001337a 4500
008 170911b xxu||||| |||| 00| 0 eng d
020 _a3540136770
041 _aeng
080 _a53
100 _a43
101 _aFIZ
245 _aRECURSIVE ESTIMATION AND TIME-SERIES ANALYSIS
_cYOUNG, P
942 _2udc
_cBK
999 _c27136
_d27136